[Event "Oberliga Bayern 0708"]
[Site "Bayern"]
[Date "2008.04.06"]
[Round "8.7"]
[White "Willim, Michael"]
[Black "Balhar, Jan"]
[Result "1-0"]
[WhiteElo "2053"]
[BlackElo "2184"]
[PlyCount "55"]
[EventDate "2007.10.21"]
[EventType "team-tourn"]
[EventRounds "9"]
[EventCountry "GER"]
[SourceTitle "EXT 2009"]
[Source "ChessBase"]
[SourceDate "2008.11.26"]
[SourceVersion "1"]
[SourceVersionDate "2008.11.26"]
[SourceQuality "1"]
[WhiteTeam "Nuernberg NT"]
[BlackTeam "Koenigshofen"]
[WhiteTeamCountry "GER"]
[BlackTeamCountry "GER"]

1. Nf3 Nf6 2. c4 c5 3. Nc3 Nc6 4. d4 cxd4 5. Nxd4 g6 6. e4 d6 7. Be2 Bg7 8. Nc2 0-0 9. Be3 Be6 10. f3 Nd7 11. Qd2 Qa5 12. Nd5 Bxd5 13. cxd5 Bxb2 14. Qxa5 Nxa5 15. Rb1 Bc3+ 16. Kf2 Rfc8 17. Rhc1 Ne5 18. Na3 Nd7 19. Nb5 Bf6 20. Nc7 Nc5 21. Nxa8 Rxa8 22. g4 b6 23. Bb5 a6 24. Bf1 b5 25. Kg2 Nab7 26. Rb4 Na4 27. g5 Bb2 28. Rb1 1-0

[Event "Oberliga Bayern 0708"]
[Site "Bayern"]
[Date "2008.01.20"]
[Round "5.6"]
[White "Balhar, Jan"]
[Black "Haag, Wolfgang"]
[Result "1/2-1/2"]
[WhiteElo "2184"]
[BlackElo "2154"]
[PlyCount "87"]
[EventDate "2007.10.21"]
[EventType "team-tourn"]
[EventRounds "9"]
[EventCountry "GER"]
[SourceTitle "EXT 2009"]
[Source "ChessBase"]
[SourceDate "2008.11.26"]
[SourceVersion "1"]
[SourceVersionDate "2008.11.26"]
[SourceQuality "1"]
[WhiteTeam "Koenigshofen"]
[BlackTeam "Bamberg"]
[WhiteTeamCountry "GER"]
[BlackTeamCountry "GER"]

1. d4 Nf6 2. c4 g6 3. Nf3 Bg7 4. Nc3 0-0 5. g3 d6 6. Bg2 c6 7. 0-0 Qb6 8. Qc2 Na6 9. e4 Nc7 10. h3 Qa6 11. b3 b5 12. c5 dxc5 13. dxc5 Nxe4 14. Nxe4 Bxa1 15. Bf4 Nd5 16. Rxa1 Nxf4 17. gxf4 Be6 18. Nd4 Bd5 19. f5 Qc8 20. Re1 Qc7 21. Qd2 Rad8 22. Qh6 Qe5 23. Ng5 Qg7 24. Qxg7+ Kxg7 25. Nxc6 Bxc6 26. Bxc6 Rc8 27. Bxb5 Rxc5 28. Bc4 Rxf5 29. Ne4 Re5 30. f4 Rh5 31. Ng5 Kf6 32. Re5 Rh4 33. Ne4+ Kg7 34. Rxe7 Rxf4 35. Nd6 a5 36. a3 g5 37. Re5 a4 38. Rxg5+ Kf6 39. Rg4 Rxg4+ 40. hxg4 Rg8 41. Kf2 axb3 42. Bxb3 Rxg4 43. Nxf7 Rh4 44. Nd6 1/2-1/2

[Event "Oberliga Bayern 0708"]
[Site "Bayern"]
[Date "2007.11.25"]
[Round "3.7"]
[White "Bildt, Thomas"]
[Black "Balhar, Jan"]
[Result "0-1"]
[WhiteElo "2067"]
[BlackElo "2234"]
[PlyCount "83"]
[EventDate "2007.10.21"]
[EventType "team-tourn"]
[EventRounds "9"]
[EventCountry "GER"]
[SourceTitle "EXT 2009"]
[Source "ChessBase"]
[SourceDate "2008.11.26"]
[SourceVersion "1"]
[SourceVersionDate "2008.11.26"]
[SourceQuality "1"]
[WhiteTeam "Zirndorf"]
[BlackTeam "Koenigshofen"]
[WhiteTeamCountry "GER"]
[BlackTeamCountry "GER"]

1. e4 c6 2. d4 d5 3. Nc3 dxe4 4. Nxe4 Nd7 5. Ne2 Ngf6 6. N2g3 Qc7 7. Bc4 e6 8. Qd3 Be7 9. 0-0 b5 10. Bb3 a5 11. c3 Ba6 12. Re1 c5 13. dxc5 Nxc5 14. Nxc5 Qxc5 15. Be3 Qc6 16. Bd4 Bb7 17. f3 Bc5 18. Rad1 0-0 19. Bc2 Bxd4+ 20. Qxd4 Qc7 21. Qe5 Qxe5 22. Rxe5 Bd5 23. Bb3 Rfc8 24. Ne4 Bxe4 25. fxe4 a4 26. Bc2 b4 27. c4 Ng4 28. Rb5 Ne3 29. Rd2 Nxc4 30. Rd4 e5 31. Rd7 Nxb2 32. Bd3 Nxd3 33. Rxd3 Rcb8 34. Rbd5 b3 35. axb3 axb3 36. Rd1 b2 37. Rb1 Ra1 38. Rdd1 Rxb1 39. Rxb1 Kf8 40. Kf2 Ke7 41. Ke3 Kd6 42. Kd3 0-1

[Event "Ricany op-A"]
[Site "Ricany"]
[Date "2007.08.27"]
[Round "4"]
[White "Vrana, Jan"]
[Black "Balhar, Jan"]
[Result "1-0"]
[WhiteElo "2271"]
[BlackElo "2226"]
[PlyCount "89"]
[EventDate "2007.08.25"]
[EventType "swiss"]
[EventRounds "9"]
[EventCountry "CZE"]
[SourceTitle "EXT 2008"]
[Source "ChessBase"]
[SourceDate "2007.11.25"]
[SourceVersion "1"]
[SourceVersionDate "2007.11.25"]
[SourceQuality "1"]

1. e4 c6 2. d4 d5 3. exd5 cxd5 4. c4 Nf6 5. Nc3 e6 6. Nf3 Be7 7. a3 0-0 8. cxd5 Nxd5 9. Bd3 Nc6 10. 0-0 b6 11. Nxd5 Qxd5 12. Qc2 Nxd4 13. Nxd4 Qxd4 14. Bxh7+ Kh8 15. Be4 Rb8 16. Bf4 Bb7 17. Bxb8 Bxe4 18. Qc7 Bf6 19. Bxa7 Qxb2 20. Bxb6 Qb3 21. Bc5 Rb8 22. Rae1 Bg6 23. Re3 Qb2 24. Bb4 Rd8 25. Rf3 Qe2 26. Re3 Qg4 27. Rfe1 Kg8 28. Be7 Rd5 29. Bxf6 gxf6 30. Qg3 Qd4 31. h4 Kh7 32. Rb3 Qd2 33. Qc3 Qf4 34. Rb4 Qh6 35. Qxf6 Qd2 36. Rf1 Rf5 37. Qb2 Qd3 38. Rb8 e5 39. Qb5 e4 40. Qe8 Qd4 41. Qg8+ Kh6 42. Qh8+ Qxh8 43. Rxh8+ Kg7 44. Rb8 Rf4 45. Ra1 1-0

[Event "Teplice op 2nd"]
[Site "Teplice"]
[Date "2007.06.22"]
[Round "8"]
[White "Balhar, Jan"]
[Black "Valenta, Petr"]
[Result "1-0"]
[WhiteElo "2188"]
[BlackElo "1939"]
[PlyCount "107"]
[EventDate "2007.06.16"]
[EventType "swiss"]
[EventRounds "9"]
[EventCountry "CZE"]
[SourceTitle "CBM 118 Extra"]
[Source "ChessBase"]
[SourceDate "2007.07.04"]
[SourceVersion "1"]
[SourceVersionDate "2007.07.04"]
[SourceQuality "1"]

1. d4 f5 2. g3 Nf6 3. Bg2 e6 4. c4 Nc6 5. Nf3 Bb4+ 6. Bd2 Qe7 7. 0-0 Bxd2 8. Nbxd2 0-0 9. Qc2 d6 10. e4 f4 11. e5 Nd7 12. Rae1 dxe5 13. dxe5 Rf5 14. Bh3 Rf7 15. Re4 Nf8 16. gxf4 b5 17. a3 Bb7 18. cxb5 Nd8 19. Rd4 c5 20. Rc4 Bd5 21. Ng5 Rxf4 22. Rxf4 Qxg5+ 23. Rg4 Qxe5 24. Bg2 Qh5 25. Rg3 Ng6 26. Bxd5 exd5 27. Qxc5 Nf4 28. Re1 Nde6 29. Qc6 Re8 30. Nf3 Kf8 31. Re5 Qf7 32. h4 h6 33. a4 Nh5 34. Qd6+ Kg8 35. Qxd5 Nxg3 36. fxg3 Qg6 37. Kh2 Kh8 38. Qe4 Qf7 39. Kg2 Qd7 40. Nd4 Nc7 41. Rxe8+ Nxe8 42. Qe5 Nf6 43. a5 Qg4 44. b6 axb6 45. axb6 Qc8 46. Qc7 Qe8 47. b7 Qe4+ 48. Kf1 Qb1+ 49. Kf2 Ng4+ 50. Kf3 Qd1+ 51. Ne2 Nh2+ 52. Ke3 Ng4+ 53. Kf4 Qa4+ 54. Kf3 1-0

[Event "Teplice op 2nd"]
[Site "Teplice"]
[Date "2007.06.20"]
[Round "6"]
[White "Balhar, Jan"]
[Black "Hausner, Ivan"]
[Result "1/2-1/2"]
[WhiteElo "2188"]
[BlackElo "2409"]
[PlyCount "83"]
[EventDate "2007.06.16"]
[EventType "swiss"]
[EventRounds "9"]
[EventCountry "CZE"]
[SourceTitle "CBM 118 Extra"]
[Source "ChessBase"]
[SourceDate "2007.07.04"]
[SourceVersion "1"]
[SourceVersionDate "2007.07.04"]
[SourceQuality "1"]

1. d4 Nf6 2. c4 c5 3. d5 e6 4. Nc3 exd5 5. cxd5 d6 6. e4 g6 7. Nf3 Bg7 8. h3 0-0 9. Bd3 a6 10. a4 Re8 11. 0-0 Nbd7 12. Bf4 c4 13. Bc2 Nc5 14. Re1 Qb6 15. Ra2 Bd7 16. a5 Qc7 17. e5 dxe5 18. Bxe5 Rxe5 19. Nxe5 Bb5 20. d6 Qd8 21. Ra1 Bf8 22. Qf3 Bxd6 23. Rad1 Kg7 24. Ng4 Nxg4 25. Qxg4 Qf6 26. Qd4 Rd8 27. Qxf6+ Kxf6 28. Ne4+ Nxe4 29. Bxe4 Ba4 30. Ra1 Bb4 31. Rec1 Bb5 32. Rd1 Re8 33. Bf3 Re6 34. Rdc1 Rd6 35. Rc2 Rd7 36. Be2 Rd4 37. Rac1 Bxa5 38. Bxc4 Ba4 39. b3 Bd7 40. Ra2 Bb4 41. Kf1 a5 42. Ke2 1/2-1/2

[Event "Landesliga Nord 0607"]
[Site "Bayern"]
[Date "2007.04.22"]
[Round "9.5"]
[White "Balhar, Jan"]
[Black "Kalender, Benjamin"]
[Result "1/2-1/2"]
[WhiteElo "2148"]
[BlackElo "2050"]
[PlyCount "91"]
[EventDate "2006.10.15"]
[EventType "team"]
[EventRounds "9"]
[EventCountry "GER"]
[SourceTitle "EXT 2008"]
[Source "ChessBase"]
[SourceDate "2007.11.25"]
[SourceVersion "1"]
[SourceVersionDate "2007.11.25"]
[SourceQuality "1"]
[WhiteTeam "Koenigshofen"]
[BlackTeam "Forchheim II"]
[WhiteTeamCountry "GER"]
[BlackTeamCountry "GER"]

1. d4 f5 2. g3 Nf6 3. Bg2 g6 4. c4 Bg7 5. Nc3 0-0 6. Nf3 d6 7. 0-0 Qe8 8. d5 Na6 9. Nd4 Bd7 10. Rb1 Rc8 11. b4 c5 12. dxc6 bxc6 13. a3 c5 14. Ndb5 cxb4 15. Nd5 Kh8 16. Nxa7 Nxd5 17. cxd5 Rc7 18. Nc6 bxa3 19. Bxa3 Nc5 20. Bb2 Qf7 21. Qd2 Ne4 22. Qd3 Bxc6 23. dxc6 Rxc6 24. Bxe4 fxe4 25. Qxe4 Rc5 26. Bxg7+ Kxg7 27. Rb7 Re5 28. Qd4 Kg8 29. Qd3 Qe6 30. e3 Qf6 31. f4 Ra5 32. Qe4 Rf7 33. Rc1 Ra1 34. Rxa1 Qxa1+ 35. Kg2 Qa2+ 36. Kh3 Qe2 37. Rb8+ Kg7 38. Qd4+ Kh6 39. Rb2 Qf1+ 40. Kg4 Qa6 41. Kh4 Qa5 42. Kh3 Qa8 43. e4 Qa1 44. Kg2 e5 45. Qd2 Kg7 46. Rb6 1/2-1/2

[Event "Landesliga Nord 0607"]
[Site "Bayern"]
[Date "2007.04.01"]
[Round "8.4"]
[White "Balhar, Jan"]
[Black "Zuehlke, Burkhard"]
[Result "1-0"]
[WhiteElo "2140"]
[BlackElo "2035"]
[PlyCount "109"]
[EventDate "2006.10.15"]
[EventType "team"]
[EventRounds "9"]
[EventCountry "GER"]
[SourceTitle "EXT 2008"]
[Source "ChessBase"]
[SourceDate "2007.11.25"]
[SourceVersion "1"]
[SourceVersionDate "2007.11.25"]
[SourceQuality "1"]
[WhiteTeam "Koenigshofen"]
[BlackTeam "Zirndorf"]
[WhiteTeamCountry "GER"]
[BlackTeamCountry "GER"]

1. d4 g6 2. e4 Bg7 3. Nf3 d6 4. Nc3 Nf6 5. Be2 0-0 6. 0-0 Nbd7 7. h3 e5 8. Bg5 h6 9. Bh4 g5 10. dxe5 dxe5 11. Bg3 Qe7 12. Nd5 Nxd5 13. Qxd5 c6 14. Qb3 Nc5 15. Qa3 Re8 16. Nd2 Ne6 17. Qxe7 Rxe7 18. Rfd1 Nd4 19. Bd3 Bd7 20. c3 Ne6 21. Nb3 a5 22. a4 Nf4 23. Bc4 b5 24. Bf1 Be6 25. Nc5 Bc4 26. f3 Bf8 27. Bf2 Ne6 28. Nd7 Bb3 29. Rd3 bxa4 30. Nb6 Rb8 31. Nxa4 Reb7 32. Rd2 Be7 33. Ba6 Rc7 34. Be2 c5 35. Bd1 c4 36. Nb6 Bc5 37. Nd7 Rbc8 38. Bxb3 cxb3 39. Rxa5 Bxf2+ 40. Kxf2 Rb7 41. Nf6+ Kf8 42. Nd5 Rc5 43. Ra3 Rc4 44. Rd1 Nc5 45. Ra8+ Kg7 46. Ne3 Ra4 47. Rc8 Ne6 48. Rd5 Ra2 49. Nc4 f6 50. Rd6 Kf7 51. Rcc6 Ra4 52. Rxe6 Rxc4 53. Rxf6+ Ke7 54. Rxc4 Kxf6 55. Rb4 1-0

[Event "Landesliga Nord 0607"]
[Site "Bayern"]
[Date "2006.12.10"]
[Round "4.6"]
[White "Balhar, Jan"]
[Black "Wltschek, Christian"]
[Result "1-0"]
[WhiteElo "2141"]
[BlackElo "1899"]
[PlyCount "97"]
[EventDate "2006.10.15"]
[EventType "team"]
[EventRounds "9"]
[EventCountry "GER"]
[SourceTitle "EXT 2008"]
[Source "ChessBase"]
[SourceDate "2007.11.25"]
[SourceVersion "1"]
[SourceVersionDate "2007.11.25"]
[SourceQuality "1"]
[WhiteTeam "Koenigshofen"]
[BlackTeam "Neutraubling"]
[WhiteTeamCountry "GER"]
[BlackTeamCountry "GER"]

1. d4 Nf6 2. Nf3 g6 3. c4 Bg7 4. g3 0-0 5. Bg2 d5 6. cxd5 Nxd5 7. 0-0 Nc6 8. Nc3 Nb6 9. e3 Bf5 10. d5 Na5 11. Nd4 Bd7 12. b3 c6 13. e4 Rc8 14. Ba3 cxd5 15. Nxd5 Re8 16. Qd3 Nc6 17. Nxc6 Bxc6 18. Rad1 Bxd5 19. exd5 Qd7 20. Rfe1 Bf6 21. Qf3 Qf5 22. Qxf5 gxf5 23. d6 exd6 24. Rxe8+ Rxe8 25. Bxb7 d5 26. Kf1 Rd8 27. f4 Kg7 28. Ba6 Rd7 29. Bd3 Rc7 30. Rc1 Rc3 31. Rxc3 Bxc3 32. Bxf5 h6 33. Ke2 Kf6 34. Bg4 Bd4 35. Kd3 Bg1 36. Bb2+ Kg6 37. h3 Bf2 38. f5+ Kh7 39. Bh5 Kg8 40. g4 Nd7 41. b4 Bg3 42. Bd4 a6 43. Be3 Bd6 44. Bxh6 Bxb4 45. Kd4 Nf6 46. Bg5 Nxh5 47. gxh5 Kg7 48. f6+ Kg8 49. Kxd5 1-0

[Event "Havlickuv Brod Vysocina op-A"]
[Site "Havlickuv Brod"]
[Date "2006.09.30"]
[Round "8.14"]
[White "Krejci, Jan1111"]
[Black "Balhar, Jan"]
[Result "1-0"]
[WhiteElo "2078"]
[BlackElo "2311"]
[PlyCount "27"]
[EventDate "2006.09.23"]
[EventType "swiss"]
[EventRounds "9"]
[EventCountry "CZE"]
[SourceTitle "CBM 114 Extra"]
[Source "ChessBase"]
[SourceDate "2006.11.03"]
[SourceVersion "1"]
[SourceVersionDate "2006.11.03"]
[SourceQuality "1"]

1. e4 c6 2. d4 d5 3. e5 Bf5 4. c4 e6 5. Nc3 Ne7 6. a3 a5 7. c5 b6 8. cxb6 Qxb6 9. Na4 Qa7 10. Be2 Nd7 11. Be3 c5 12. Nxc5 Nxc5 13. dxc5 Rb8 14. b4 1-0

[Event "Havlickuv Brod Vysocina op-A"]
[Site "Havlickuv Brod"]
[Date "2006.09.29"]
[Round "6.12"]
[White "Siebenburger, Vlastimil"]
[Black "Balhar, Jan"]
[Result "1/2-1/2"]
[WhiteElo "2134"]
[BlackElo "2311"]
[PlyCount "71"]
[EventDate "2006.09.23"]
[EventType "swiss"]
[EventRounds "9"]
[EventCountry "CZE"]
[SourceTitle "CBM 114 Extra"]
[Source "ChessBase"]
[SourceDate "2006.11.03"]
[SourceVersion "1"]
[SourceVersionDate "2006.11.03"]
[SourceQuality "1"]

1. e4 c6 2. d4 d5 3. e5 Bf5 4. Ne2 e6 5. Ng3 Bg6 6. h4 h6 7. h5 Bh7 8. Bd3 Bxd3 9. cxd3 Qb6 10. Be3 Qxb2 11. Nd2 Qc3 12. Rb1 Qxd3 13. Rxb7 Qa6 14. Qb1 Nd7 15. f4 Ne7 16. Rb2 g6 17. Kf2 Nf5 18. Nf3 Rc8 19. hxg6 fxg6 20. Nxf5 gxf5 21. g4 Ba3 22. Rb3 c5 23. gxf5 cxd4 24. Nxd4 Nc5 25. fxe6 Ne4+ 26. Kf3 Bc5 27. Rb8 Bxd4 28. Rxc8+ Qxc8 29. Qb5+ Ke7 30. Bxd4 Kxe6 31. Rh5 Rg8 32. Rxh6+ Kf5 33. Rh5+ Kg6 34. Rh2 Kf5 35. Rh5+ Kg6 36. Rh2 1/2-1/2

[Event "Pardubice op-A"]
[Site "Pardubice"]
[Date "2006.07.22"]
[Round "2"]
[White "Andersson, Fredrik1111"]
[Black "Balhar, Jan"]
[Result "1-0"]
[WhiteElo "2198"]
[BlackElo "2311"]
[PlyCount "63"]
[EventDate "2006.07.21"]
[EventType "swiss"]
[EventRounds "9"]
[EventCountry "CZE"]
[SourceTitle "CBM 113 Extra"]
[Source "ChessBase"]
[SourceDate "2006.09.14"]
[SourceVersion "1"]
[SourceVersionDate "2006.09.14"]
[SourceQuality "1"]

1. e4 c6 2. d4 d5 3. e5 Bf5 4. Nf3 e6 5. Be2 c5 6. Be3 Qb6 7. Nc3 Nc6 8. 0-0 c4 9. Rb1 Bb4 10. Bxc4 dxc4 11. d5 Qa6 12. dxc6 bxc6 13. a3 Be7 14. Qe2 Nh6 15. Bxh6 gxh6 16. Rfd1 0-0 17. Rd7 Rfe8 18. Ne4 Rad8 19. Rbd1 Qc8 20. Rxd8 Rxd8 21. Nf6+ Kg7 22. g4 Bg6 23. Rxd8 Qxd8 24. Qxc4 Qd1+ 25. Kg2 c5 26. Ne4 h5 27. g5 h4 28. h3 Qc1 29. Nf6 Qxc2 30. Qxh4 Qxb2 31. Qh6+ Kh8 32. Ne8 1-0

[Event "Pardubice op-A"]
[Site "Pardubice"]
[Date "2006.07.21"]
[Round "1"]
[White "Balhar, Jan"]
[Black "Kovalev, Andrei"]
[Result "0-1"]
[WhiteElo "2311"]
[BlackElo "2526"]
[PlyCount "50"]
[EventDate "2006.07.21"]
[EventType "swiss"]
[EventRounds "9"]
[EventCountry "CZE"]
[SourceTitle "CBM 113 Extra"]
[Source "ChessBase"]
[SourceDate "2006.09.14"]
[SourceVersion "1"]
[SourceVersionDate "2006.09.14"]
[SourceQuality "1"]

1. d4 Nf6 2. Nf3 g6 3. c4 Bg7 4. g3 0-0 5. Bg2 d6 6. 0-0 Nc6 7. Nc3 a6 8. Re1 Rb8 9. Rb1 b5 10. cxb5 axb5 11. b4 Bd7 12. d5 Na7 13. Nd4 Ng4 14. e4 Ne5 15. Bf1 Bg4 16. Qb3 c5 17. dxc6 Naxc6 18. Nxc6 Nxc6 19. Be3 Ne5 20. Rec1 Qd7 21. Nd5 e6 22. Nf4 Qb7 23. Bg2 Bf3 24. Ba7 Bxg2 25. Bxb8 Bxe4 0-1

[Event "Rumburk op"]
[Site "Rumburk"]
[Date "2006.07.07"]
[Round "6"]
[White "Kucera, Petr1111"]
[Black "Balhar, Jan"]
[Result "1/2-1/2"]
[WhiteElo "2049"]
[BlackElo "2266"]
[PlyCount "82"]
[EventDate "2006.07.03"]
[EventType "swiss"]
[EventRounds "9"]
[EventCountry "CZE"]
[SourceTitle "EXT 2008"]
[Source "ChessBase"]
[SourceDate "2007.11.25"]
[SourceVersion "1"]
[SourceVersionDate "2007.11.25"]
[SourceQuality "1"]

1. d4 Nf6 2. c4 e6 3. Nf3 Bb4+ 4. Bd2 Qe7 5. a3 Bxd2+ 6. Nbxd2 d6 7. Qc2 0-0 8. e3 e5 9. Bd3 Re8 10. dxe5 dxe5 11. Ng5 h6 12. Nge4 Nxe4 13. Bxe4 Nd7 14. 0-0 a5 15. Rfd1 a4 16. Nf3 c6 17. Rd2 Nc5 18. Rad1 Nb3 19. Rd6 Bg4 20. h3 Bxf3 21. Bxf3 Nd4 22. R6xd4 exd4 23. Rxd4 Red8 24. Rf4 Rd6 25. c5 Rd7 26. Qc3 f6 27. Re4 Rd1+ 28. Kh2 Qc7+ 29. g3 Rd7 30. Kg2 Kh8 31. h4 Re7 32. Rd4 Ra5 33. Bd1 Re5 34. Rc4 Ra8 35. Rxa4 Rxa4 36. Bxa4 Qd7 37. b4 Qd5+ 38. Kg1 Re8 39. Bb3 Qe5 40. Qd3 Qe4 41. Qxe4 Rxe4 1/2-1/2

[Event "Litomysl op"]
[Site "Litomysl"]
[Date "2005.12.27"]
[Round "2"]
[White "Balhar, Jan"]
[Black "Jackova, Jana"]
[Result "1/2-1/2"]
[WhiteElo "2175"]
[BlackElo "2389"]
[PlyCount "89"]
[EventDate "2005.12.26"]
[EventType "swiss"]
[EventRounds "9"]
[EventCountry "CZE"]
[SourceTitle "CBM 110 Extra"]
[Source "ChessBase"]
[SourceDate "2006.03.10"]
[SourceVersion "2"]
[SourceVersionDate "2006.03.10"]
[SourceQuality "1"]

1. e4 e5 2. Nf3 Nc6 3. Bb5 a6 4. Bxc6 dxc6 5. 0-0 Qd6 6. Na3 b5 7. c3 c5 8. d4 cxd4 9. cxd4 exd4 10. Nxd4 Bd7 11. Be3 Nf6 12. f3 Qe5 13. Rc1 Bd6 14. g3 Qh5 15. Nc6 0-0 16. Bd4 Bxc6 17. Rxc6 Rfd8 18. Nc2 Be5 19. Qd3 Bxd4+ 20. Nxd4 Qe5 21. Rd1 Rd7 22. Qc3 Rad8 23. Rc5 Qe7 24. Rd2 h5 25. Rg5 b4 26. Qe3 Qf8 27. e5 Nh7 28. Rxh5 c5 29. Nb3 c4 30. Rxd7 Rxd7 31. Nd2 Rd3 32. Qe2 Qc5+ 33. Kg2 Qd4 34. Ne4 Re3 35. Qc2 Qd3 36. Qa4 Rxe4 37. Qe8+ Nf8 38. Rh8+ Kxh8 39. Qxf8+ Kh7 40. fxe4 Qxe4+ 41. Kh3 Qf5+ 42. Kg2 c3 43. Qxb4 Qc2+ 44. Kh3 cxb2 45. Qh4+ 1/2-1/2

[Event "Liberec op"]
[Site "Liberec"]
[Date "2005.10.29"]
[Round "9"]
[White "Vyskocil, Neklan"]
[Black "Balhar, Jan"]
[Result "1/2-1/2"]
[WhiteElo "2318"]
[BlackElo "2175"]
[PlyCount "86"]
[EventDate "2005.10.22"]
[EventType "swiss"]
[EventRounds "9"]
[EventCountry "CZE"]
[SourceTitle "EXT 2006"]
[Source "ChessBase"]
[SourceDate "2005.11.24"]
[SourceVersion "1"]
[SourceVersionDate "2005.11.24"]
[SourceQuality "1"]

1. c4 c5 2. Nf3 Nf6 3. d4 cxd4 4. Nxd4 g6 5. Nc3 Bg7 6. g3 0-0 7. Bg2 Nc6 8. 0-0 Nxd4 9. Qxd4 d6 10. Qd2 a6 11. b3 Rb8 12. Bb2 Be6 13. Nd5 Nxd5 14. Bxg7 Kxg7 15. cxd5 Bd7 16. Rfc1 Qb6 17. Qc3+ f6 18. Qc7 Qxc7 19. Rxc7 Rfd8 20. Kf1 Kf8 21. Ke1 Ke8 22. Kd2 Rdc8 23. Rac1 Kd8 24. R7c4 g5 25. Be4 h6 26. Bg6 a5 27. Ke3 b5 28. Rxc8+ Rxc8 29. Rxc8+ Kxc8 30. a3 Kc7 31. b4 axb4 32. axb4 Kd8 33. Ke4 Bg4 34. f3 Bd7 35. g4 e5 36. dxe6 Bxe6 37. Kd4 Kc7 38. Be4 Bf7 39. Bd5 Bg6 40. Be4 Bf7 41. Bd5 Bg6 42. Be6 Kc6 43. Bd5+ Kc7 1/2-1/2

[Event "Liberec op"]
[Site "Liberec"]
[Date "2005.10.28"]
[Round "8"]
[White "Balhar, Jan"]
[Black "Mohyla, Ales"]
[Result "1-0"]
[WhiteElo "2175"]
[BlackElo "1971"]
[PlyCount "39"]
[EventDate "2005.10.22"]
[EventType "swiss"]
[EventRounds "9"]
[EventCountry "CZE"]
[SourceTitle "EXT 2006"]
[Source "ChessBase"]
[SourceDate "2005.11.24"]
[SourceVersion "1"]
[SourceVersionDate "2005.11.24"]
[SourceQuality "1"]

1. e4 d5 2. exd5 Nf6 3. d4 Nxd5 4. Nf3 Bf5 5. Bd3 Bxd3 6. Qxd3 Nc6 7. a3 e6 8. 0-0 Be7 9. c4 Nb6 10. Nc3 0-0 11. Bf4 a6 12. b4 Bf6 13. Rad1 Ne7 14. Ne4 Ng6 15. Nxf6+ gxf6 16. Bh6 Re8 17. h4 Kh8 18. Rfe1 Ne7 19. d5 exd5 20. Ng5 1-0

[Event "Havlickuv Brod op-A"]
[Site "Havlickuv Brod"]
[Date "2005.10.01"]
[Round "8"]
[White "Splichal, Stanislav"]
[Black "Balhar, Jan"]
[Result "1/2-1/2"]
[WhiteElo "2206"]
[BlackElo "2098"]
[PlyCount "45"]
[EventDate "2005.09.24"]
[EventType "swiss"]
[EventRounds "9"]
[EventCountry "CZE"]
[SourceTitle "CBM 108 Extra"]
[Source "ChessBase"]
[SourceDate "2005.11.04"]
[SourceVersion "1"]
[SourceVersionDate "2005.11.04"]
[SourceQuality "1"]

1. Nf3 Nf6 2. g3 c5 3. Bg2 g6 4. 0-0 Bg7 5. d3 Nc6 6. e4 d5 7. Nbd2 0-0 8. h3 h6 9. Re1 dxe4 10. dxe4 Be6 11. c3 Qd7 12. Kh2 Rfd8 13. Qe2 Qd3 14. Qxd3 Rxd3 15. Bf1 Rdd8 16. Bc4 Bxc4 17. Nxc4 Nd7 18. a4 Nb6 19. Nfd2 h5 20. a5 Nxc4 21. Nxc4 Ne5 22. Nxe5 Bxe5 23. Be3 1/2-1/2

[Event "Havlickuv Brod op-A"]
[Site "Havlickuv Brod"]
[Date "2005.09.24"]
[Round "1"]
[White "Cernousek, Lukas"]
[Black "Balhar, Jan"]
[Result "0-1"]
[WhiteElo "2375"]
[BlackElo "2098"]
[PlyCount "66"]
[EventDate "2005.09.24"]
[EventType "swiss"]
[EventRounds "9"]
[EventCountry "CZE"]
[SourceTitle "CBM 108 Extra"]
[Source "ChessBase"]
[SourceDate "2005.11.04"]
[SourceVersion "1"]
[SourceVersionDate "2005.11.04"]
[SourceQuality "1"]

1. e4 c6 2. d4 d5 3. e5 Bf5 4. Nc3 e6 5. g4 Bg6 6. Nge2 Be7 7. Be3 Bg5 8. f4 Bh4+ 9. Kd2 h5 10. g5 f6 11. Rg1 fxg5 12. fxg5 Bf5 13. h3 Nd7 14. Kc1 Rc8 15. a4 a6 16. a5 c5 17. Ra4 c4 18. Nb1 b5 19. axb6 Qxb6 20. Qd2 Rb8 21. Ra2 Ne7 22. Nec3 Nc6 23. Na4 Qb7 24. Na3 Nb4 25. Ra1 g6 26. Kd1 0-0 27. Nc3 Nc6 28. Rb1 Ndxe5 29. dxe5 d4 30. Nxc4 dxe3 31. Nxe3 Rbd8 32. Bd3 Bxd3 33. cxd3 Nxe5 0-1

[Event "Prague ProMoPro op"]
[Site "Prague"]
[Date "2005.09.23"]
[Round "9"]
[White "Petr, Jan"]
[Black "Balhar, Jan"]
[Result "1-0"]
[WhiteElo "2196"]
[BlackElo "2098"]
[PlyCount "63"]
[EventDate "2005.09.15"]
[EventType "swiss"]
[EventRounds "9"]
[EventCountry "CZE"]
[SourceTitle "CBM 108 Extra"]
[Source "ChessBase"]
[SourceDate "2005.11.04"]
[SourceVersion "1"]
[SourceVersionDate "2005.11.04"]
[SourceQuality "1"]

1. e4 c6 2. d4 d5 3. exd5 cxd5 4. c4 Nf6 5. Nc3 Nc6 6. cxd5 Nxd5 7. Bc4 Be6 8. Bb3 g6 9. Nf3 Bg7 10. 0-0 0-0 11. Re1 Nxc3 12. bxc3 Bxb3 13. Qxb3 Na5 14. Qb4 e6 15. Bf4 Rc8 16. Rac1 Qd5 17. Ne5 Nc4 18. h3 Nxe5 19. Bxe5 Rc4 20. Qa3 a6 21. Rb1 Rfc8 22. Rb3 Bf8 23. Qb2 b5 24. Re3 Be7 25. Rf3 Qe4 26. Qd2 R8c6 27. Qh6 f6 28. Bxf6 Qe1+ 29. Kh2 Bd6+ 30. g3 Bf8 31. Qf4 Rc8 32. Be5 1-0

[Event "Prague ProMoPro op"]
[Site "Prague"]
[Date "2005.09.22"]
[Round "8"]
[White "Balhar, Jan"]
[Black "Netusil, Miloslav"]
[Result "1/2-1/2"]
[WhiteElo "2098"]
[BlackElo "2333"]
[PlyCount "153"]
[EventDate "2005.09.15"]
[EventType "swiss"]
[EventRounds "9"]
[EventCountry "CZE"]
[SourceTitle "CBM 108 Extra"]
[Source "ChessBase"]
[SourceDate "2005.11.04"]
[SourceVersion "1"]
[SourceVersionDate "2005.11.04"]
[SourceQuality "1"]

1. e4 g6 2. d4 Bg7 3. Nf3 d6 4. Nc3 c6 5. a4 Nf6 6. h3 0-0 7. Bd3 Na6 8. Bxa6 bxa6 9. a5 d5 10. e5 Ne4 11. 0-0 Rb8 12. Nxe4 dxe4 13. Ng5 Qd5 14. Re1 c5 15. dxc5 Qxc5 16. Nxe4 Qxe5 17. Nc3 Qd6 18. Nd5 Be6 19. c4 Bxd5 20. cxd5 Rb5 21. Qe2 Rxd5 22. Be3 e6 23. Bxa7 Rb5 24. Red1 Qf4 25. Rd2 h5 26. Bb6 Kh7 27. Rc2 Be5 28. g3 Qf5 29. h4 Kg7 30. Ra3 Bb8 31. Bd4+ e5 32. Rf3 Qe6 33. Bc3 Kg8 34. Re3 f6 35. Qd3 Kg7 36. Rd2 Rf7 37. Qd8 Bc7 38. Qa8 Rb8 39. Qe4 Rb5 40. Red3 Bxa5 41. Bxa5 Rxa5 42. Rd8 Ra1+ 43. Kh2 Rc7 44. Qa8 e4 45. R2d6 Qf7 46. Qxe4 Re7 47. Qd4 Rae1 48. Rxa6 R1e4 49. Qc3 R4e5 50. Raa8 Qe6 51. Rh8 Re2 52. Qf3 Qc4 53. b3 Qd4 54. Rag8+ Kf7 55. Rf8+ Kg7 56. Rhg8+ Kh7 57. Rxf6 Rxf2+ 58. Qxf2 Qxf2+ 59. Rxf2 Kxg8 60. b4 Rb7 61. Rb2 Kf7 62. Kg2 Ke6 63. Kf3 Ke5 64. b5 Rb6 65. Ke3 Kd5 66. Kf4 Ke6 67. Kg5 Kf7 68. Kf4 Ke6 69. Ke4 Kd6 70. Kd4 Kc7 71. Kc5 Rf6 72. b6+ Kb7 73. Rb3 g5 74. Rd3 Rf5+ 75. Kd6 gxh4 76. gxh4 Rf4 77. Rb3 1/2-1/2